BITS : Basic information technology skills

שמור ב:
מידע ביבליוגרפי
מחבר ראשי: Haselwander, Penny
פורמט: ספר
שפה:Undetermined
יצא לאור: Lanham, Maryland Scarecrow Press 2002
נושאים:
תגים: הוספת תג
אין תגיות, היה/י הראשונ/ה לתייג את הרשומה!
Thư viện lưu trữ: Trung tâm Học liệu Trường Đại học Cần Thơ
LEADER 00534nam a2200193Ia 4500
001 CTU_102861
008 210402s9999 xx 000 0 und d
082 |a 004 
082 |b H347 
100 |a Haselwander, Penny 
245 0 |a BITS : 
245 0 |b Basic information technology skills 
245 0 |c Penny Haselwander, Michael Konemann 
260 |a Lanham, Maryland 
260 |b Scarecrow Press 
260 |c 2002 
650 |a Information technology 
904 |i Minh 
980 |a Trung tâm Học liệu Trường Đại học Cần Thơ